000
00304nam a2200133Ia 4500
100
_a
Vinogradov
650
_a
Electrical Engineering
942
_c
BK
654
_a
Machine Winder
245
_a
Electrical machine winder
260
_b
Mir Publishers
_a
Moscow
_c
1970
300
_a
400
546
_a
ENGLISH
999
_c
32737
_d
32737